Statistiques concernant Culture Générale - Série 2030

Cliquez ici pour prendre le quiz!

Statistiques générales

  • Ce quiz a été pris 81 fois
  • Le résultat moyen est 3 sur 10

Statistiques - réponses

QuestionRéponse% Correct
La sculpture de 3000 m² dans la cour d'honneur du Palais Royal s'appelle " les colonnes de .... voir photoBuren
65%
Dans quel pays européen se trouve la ville de Braga ?Portugal
58%
La patelle est un gastéropode marin appelé aussi " chapeau ....chinois
56%
Quel verbe populaire signifie "payer contre son gré" - 6 lettres commençant par " r " ?raquer
35%
Comment appelle-t-on le chant des oiseaux ?ramage
30%
Dans le langage familier, quel mot désigne la "paresse" - 5 lettrres commençant par " c " ?cosse
24%
Quelle coiffe féminine conique en forme de pain de sucre, a été mise à la mode par Isabeau de Bavière en remplacement du "bonnet pointu " ?hennin
16%
En Inde, c'est le sacrifice rituel et publique des veuves, sur le bûcher funéraire de leur épouxsati
14%
Canapé formé d'une banquette et de deux dossiers latéraux - 7 lettres commençant par " s "sultane
1%
Comment appelle-t-on familièrement un élève de l'école Polytechnique ?pipo
0%

Distribution des résultats

Percentile par nombre de réponses

% des personnes avec chaque résultat

Votre développement - résultats

Vous n’avez pas pris ce quiz